|
|
|
|
| LEADER |
00000nam0a2200000 4500 |
| 001 |
293845 |
| 005 |
20231102000631.0 |
| 010 |
|
|
|a 9785811418596
|
| 035 |
|
|
|a (RuTPU)RU\TPU\book\318893
|
| 090 |
|
|
|a 293845
|
| 100 |
|
|
|a 20150506d2015 m y0rusy50 ca
|
| 101 |
0 |
|
|a rus
|
| 102 |
|
|
|a RU
|
| 105 |
|
|
|a y j 001zy
|
| 200 |
1 |
|
|a Физическая химия. Гетерогенные системы
|e учебное пособие
|f А. Г. Морачевский, Е. Г. Фирсова
|
| 205 |
|
|
|a 2-е изд., стер.
|
| 210 |
|
|
|a Санкт-Петербург
|c Лань
|d 2015
|
| 215 |
|
|
|a 184 с.
|
| 225 |
1 |
|
|a Учебники для вузов. Специальная литература
|
| 320 |
|
|
|a Библиогр. в конце гл.
|
| 330 |
|
|
|a В учебном пособии изложены вопросы, связанные с термодинамическим описанием равновесий в одно- , двух- и трехкомпонентных системах. В качестве примеров рассмотрены преимущественно металлические системы. Специальное внимание уделено аналитическому представлению концентрационной зависимости термодинамических функций в двойных жидких системах, расчету термодинамических свойств тройных систем по данным о граничных двойных системах, расчетам фазовых диаграмм.Учебное пособие предназначено для студентов высших учебных заведений, обучающихся по магистерской программе «Материаловедение наноматериалов и компонентов электронной техники» направления подготовки магистров «Техническая физика». Оно может быть использовано при обучении студентов направлений подготовки «Материаловедение и технологии материалов», «Металлургия», в системах повышения квалификации, в учреждениях дополнительного профессионального образования.
|
| 606 |
1 |
|
|a Гетерогенные системы
|x Химическое равновесие
|2 stltpush
|3 (RuTPU)RU\TPU\subj\6372
|9 34274
|
| 610 |
1 |
|
|a физическая химия
|
| 610 |
1 |
|
|a термодинамические соотношения
|
| 610 |
1 |
|
|a однокомпонентные гетерогенные системы
|
| 610 |
1 |
|
|a равновесие
|
| 610 |
1 |
|
|a фазовые переходы
|
| 610 |
1 |
|
|a двухкомпонентные системы
|
| 610 |
1 |
|
|a жидкость-жидкость
|
| 610 |
1 |
|
|a жидкость-пар
|
| 610 |
1 |
|
|a трехкомпонентные системы
|
| 610 |
1 |
|
|a термодинамические функции
|
| 610 |
1 |
|
|a дистилляционные процессы
|
| 610 |
1 |
|
|a фазовые диаграммы
|
| 610 |
1 |
|
|a учебные пособия
|
| 675 |
|
|
|a 544.344(075.8)
|v 4
|
| 700 |
|
1 |
|a Морачевский
|b А. Г.
|g Андрей Георгиевич
|
| 701 |
|
1 |
|a Фирсова
|b Е. Г.
|g Елена Германовна
|
| 801 |
|
1 |
|a RU
|b 63413507
|c 20150506
|
| 801 |
|
2 |
|a RU
|b 63413507
|c 20150625
|g RCR
|
| 900 |
|
|
|a Физическая химия
|
| 942 |
|
|
|c BK
|
| 951 |
|
|
|l 8.3
|
| 959 |
|
|
|a 59/20150424
|d 5
|e 550,00
|f ЧЗТЛ:1
|f УФ:4
|